[Event "48th Biel Grandmaster 2015"]
[Site "Biel SUI"]
[Date "2015.07.30"]
[Round "10"]
[White "Wojtaszek, R."]
[Black "Navara, D."]
[Result "1/2-1/2"]
[WhiteElo "2733"]
[BlackElo "2724"]
[PlyCount "83"]
[EventDate "2015.07.20"]

1. d4 Nf6 2. c4 g6 3. Nc3 d5 4. Nf3 Bg7 5. Qb3 dxc4 6. Qxc4 O-O 7. e4 Bg4 8.
Be3 Nfd7 9. Nd2 Na6 10. h3 Nb6 11. Qb3 Be6 12. d5 Bd7 13. Bxa6 bxa6 14. O-O c6
15. dxc6 Bxc6 16. Rfd1 Qc7 17. Rac1 Qb7 18. Qb4 Rab8 19. Nb3 Qa8 20. Qxe7 Rfe8
21. Qg5 h6 22. Qg3 Na4 23. Nd5 Nxb2 24. Rd2 Bxd5 25. exd5 Rbc8 26. Nc5 Re4 27.
d6 Rc4 28. Rb1 R8xc5 29. Bxc5 Qe4 30. Rf1 Rxc5 31. d7 Bf6 32. Rxb2 Rg5 33. Qb8+
Kg7 34. g3 Qd4 35. Rb4 Qxd7 36. h4 Rf5 37. Rbb1 Qd2 38. Rbd1 Qxa2 39. Qxa7 Qc4
40. Qe3 a5 41. Qd3 Qxd3 42. Rxd3 1/2-1/2

[Event "Politiken Cup 2015"]
[Site "Helsingor DEN"]
[Date "2015.07.30"]
[Round "7"]
[White "Brunello, Sabino"]
[Black "Fressinet, Laurent"]
[Result "1/2-1/2"]
[WhiteElo "2539"]
[BlackElo "2707"]
[PlyCount "126"]
[EventDate "2015.07.25"]

1. d4 Nf6 2. c4 e6 3. Nc3 Bb4 4. e3 O-O 5. Bd3 d5 6. cxd5 exd5 7. Nge2 Re8 8.
O-O b6 9. f3 c5 10. a3 Bxc3 11. bxc3 Ba6 12. Bxa6 Nxa6 13. Qd3 Nc7 14. Ng3 Ne6
15. Bb2 Rc8 16. Rad1 Qc7 17. e4 cxd4 18. cxd4 Qc2 19. Qxc2 Rxc2 20. Rf2 Rec8
21. Rdd2 Rxd2 22. Rxd2 g6 23. Kf2 Ne8 24. e5 f5 25. Ne2 Rc4 26. Ke3 Kf7 27. Kd3
Ke7 28. Rc2 Rxc2 29. Kxc2 Kd7 30. a4 Kc6 31. Bc1 N8c7 32. f4 b5 33. Kb3 bxa4+
34. Kxa4 Nb5 35. Be3 Kb6 36. Bd2 a6 37. Be1 Kb7 38. Kb4 Na7 39. Ka4 h5 40. Bd2
Nb5 41. Be3 Kc6 42. Bf2 Na7 43. Be3 Nc8 44. Ka5 Kb7 45. Kb4 Nb6 46. Bf2 Nc4 47.
Bg1 Kb6 48. Bf2 a5+ 49. Kb3 Kb5 50. Nc3+ Kc6 51. Ne2 Nb6 52. Be1 Kb5 53. Nc3+
Ka6 54. Ne2 Nc4 55. Bf2 Kb6 56. Ka4 Nb2+ 57. Kb3 Nd3 58. Be3 h4 59. Bd2 Kb5 60.
Nc3+ Kc6 61. Ne2 Kb5 62. Nc3+ Kc6 63. Ne2 Kb5 1/2-1/2

[Event "Politiken Cup 2015"]
[Site "Helsingor DEN"]
[Date "2015.07.31"]
[Round "8"]
[White "Fressinet, Laurent"]
[Black "Delorme, Axel"]
[Result "1-0"]
[WhiteElo "2707"]
[BlackElo "2484"]
[PlyCount "67"]
[EventDate "2015.07.25"]

1. d4 Nf6 2. Nf3 e6 3. c4 d5 4. Nc3 c5 5. cxd5 cxd4 6. Qxd4 exd5 7. e4 Nc6 8.
Bb5 dxe4 9. Qxd8+ Kxd8 10. Ng5 Be6 11. O-O Bb4 12. Ncxe4 Nxe4 13. Nxe4 Ke7 14.
Bg5+ f6 15. Be3 Bd5 16. a3 Bxe4 17. axb4 Rhd8 18. Rfd1 Bd5 19. Bf1 b6 20. b5
Ne5 21. Rd4 g5 22. h3 Rd7 23. Bd2 Rc8 24. Bc3 Ke6 25. Be2 Rcc7 26. Re1 Kf5 27.
Bh5 Rc5 28. Bd1 Rdc7 29. Bc2+ Ke6 30. f4 gxf4 31. Rxf4 Rg7 32. Re2 Rc4 33. Rf5
h6 34. Bxe5 1-0

[Event "British Championship 2015"]
[Site "Coventry ENG"]
[Date "2015.07.31"]
[Round "5"]
[White "Howell, David W L"]
[Black "Pert, Richard G"]
[Result "1-0"]
[WhiteElo "2698"]
[BlackElo "2440"]
[PlyCount "81"]
[EventDate "2015.07.27"]

1. c4 e5 2. g3 Nf6 3. Bg2 Nc6 4. Nc3 Bc5 5. Nf3 d6 6. e3 O-O 7. O-O a6 8. h3
Ba7 9. d4 h6 10. dxe5 dxe5 11. Qe2 Qe7 12. Nd5 Nxd5 13. cxd5 Nb4 14. Rd1 e4 15.
Ne1 Rd8 16. Qc4 Be6 17. Qxe4 Nxd5 18. Bd2 c6 19. Nd3 Qf6 20. Qa4 Nb6 21. Qc2
Bf5 22. e4 Bh7 23. Bc3 Qe7 24. Bb4 Qc7 25. Ba5 Rd4 26. Nc5 Rxd1+ 27. Rxd1 Qe7
28. Bb4 Nd5 29. Ba3 Nf6 30. Qc4 Qc7 31. b4 Re8 32. Re1 a5 33. Bb2 axb4 34. Qxb4
Qd6 35. Ba3 b6 36. Na6 c5 37. Qa4 Re7 38. Rd1 Qe6 39. Rd8+ Re8 40. Nc7 b5 41.
Qxa7 1-0

[Event "Biel Master Open 2015"]
[Site "Biel SUI"]
[Date "2015.07.20"]
[Round "1"]
[White "Moiseenko, Alexander"]
[Black "Bartel, Marta"]
[Result "1-0"]
[WhiteElo "2710"]
[BlackElo "2340"]
[PlyCount "77"]
[EventDate "2015.07.20"]

1. d4 f5 2. Bg5 g6 3. Nc3 Bg7 4. h4 h6 5. Bf4 Nf6 6. Qd2 d6 7. O-O-O c6 8. e4
fxe4 9. f3 Qa5 10. fxe4 e5 11. dxe5 dxe5 12. Be3 Bg4 13. Nf3 Nbd7 14. Bc4 O-O-O
15. Qf2 Rhf8 16. Qg3 Rde8 17. a3 Qc7 18. Bb3 Kb8 19. Rd2 b6 20. Rhd1 Kb7 21.
Rd6 Rd8 22. Kb1 Bh5 23. Qe1 Nb8 24. Rxd8 Rxd8 25. Rxd8 Qxd8 26. Nxe5 Nxe4 27.
Nxe4 Bxe5 28. Bxh6 Qd1+ 29. Qxd1 Bxd1 30. Bf7 Bh5 31. Be6 Be2 32. Bg5 Na6 33.
Bf7 Bf1 34. g4 Be2 35. Bxg6 Bxg4 36. h5 Nc7 37. Nf6 Bxf6 38. Bxf6 Ne6 39. h6
1-0

[Event "Biel Master Open 2015"]
[Site "Biel SUI"]
[Date "2015.07.21"]
[Round "2"]
[White "Bogner, Sebastian"]
[Black "Moiseenko, Alexander"]
[Result "1/2-1/2"]
[WhiteElo "2544"]
[BlackElo "2710"]
[PlyCount "112"]
[EventDate "2015.07.20"]

1. d4 Nf6 2. c4 e6 3. Nf3 Bb4+ 4. Nbd2 O-O 5. a3 Be7 6. e4 d6 7. Bd3 e5 8. O-O
Nfd7 9. Re1 exd4 10. Nxd4 Bf6 11. N2b3 a5 12. a4 Na6 13. Be3 Ndc5 14. Nxc5 dxc5
15. Nb5 Bxb2 16. Rb1 Bd4 17. e5 g6 18. Nxd4 cxd4 19. Bh6 Nc5 20. Bxf8 Kxf8 21.
Rb5 b6 22. Be4 Nxe4 23. Rd5 Qh4 24. g3 Nxf2 25. gxh4 Nxd1 26. Rxd1 c5 27. Rd6
Bg4 28. Rb1 Re8 29. Re1 Rb8 30. Kf2 Bf5 31. Re2 Bd3 32. Rb2 Re8 33. e6 fxe6 34.
Rbxb6 Bxc4 35. Rdc6 Kg7 36. Rxc5 Bd5 37. Rxa5 Rc8 38. Rd6 Rc2+ 39. Kg3 Rg2+ 40.
Kh3 Ra2 41. Kg3 h5 42. Raxd5 exd5 43. Rxd5 Rxa4 44. Rd6 Kf7 45. Kf3 Ra3+ 46.
Kf4 Rh3 47. Kg5 d3 48. Rxg6 Rxh2 49. Rd6 d2 50. Kf5 Ke7 51. Rd3 Re2 52. Rd4 Rh2
53. Rd3 Rf2+ 54. Ke5 Kf7 55. Rd7+ Ke8 56. Rd4 Ke7 1/2-1/2

[Event "Biel Master Open 2015"]
[Site "Biel SUI"]
[Date "2015.07.22"]
[Round "3"]
[White "Moiseenko, Alexander"]
[Black "Wirig, Anthony"]
[Result "1/2-1/2"]
[WhiteElo "2710"]
[BlackElo "2511"]
[PlyCount "57"]
[EventDate "2015.07.20"]

1. d4 d5 2. c4 c6 3. Nf3 Nf6 4. Nc3 dxc4 5. a4 Bf5 6. Ne5 Na6 7. e3 Nb4 8. Bxc4
e6 9. O-O Bd6 10. Qf3 Bc2 11. e4 O-O 12. Nxf7 Kxf7 13. e5 Bc7 14. exf6 Qxf6 15.
Ne4 Qxf3 16. Ng5+ Ke7 17. Nxf3 Bd3 18. Bxd3 Nxd3 19. Ra3 Nxc1 20. Rxc1 Rf5 21.
Rb3 Rb8 22. Re1 Kd7 23. g3 Ra5 24. Rb4 b5 25. axb5 Rbxb5 26. Rxb5 cxb5 27. Ng5
Bb6 28. Nxe6 Ra2 29. b3 1/2-1/2

[Event "Biel Master Open 2015"]
[Site "Biel SUI"]
[Date "2015.07.23"]
[Round "4"]
[White "Moiseenko, Alexander"]
[Black "Can, Emre"]
[Result "1-0"]
[WhiteElo "2710"]
[BlackElo "2547"]
[PlyCount "157"]
[EventDate "2015.07.20"]

1. d4 d5 2. c4 c6 3. Nf3 e6 4. Nbd2 f5 5. g3 Nf6 6. Bg2 Bd6 7. O-O O-O 8. Ne5
b6 9. cxd5 cxd5 10. Ndc4 Bc7 11. Bf4 Ba6 12. Rc1 Bxc4 13. Rxc4 dxc4 14. Bxa8
Nbd7 15. Bc6 Nxe5 16. dxe5 Ng4 17. Bb5 Nxe5 18. Bxe5 Bxe5 19. Bxc4 Qe7 20. Qb3
Rf6 21. Rd1 Kh8 22. e3 Bd6 23. Qd3 e5 24. Qd5 Qf8 25. a3 Qb8 26. b4 g6 27. Rc1
Rf8 28. Bb3 Be7 29. Qd7 Qd6 30. Rc7 Qxd7 31. Rxd7 Bf6 32. Rxa7 Rd8 33. a4 f4
34. e4 Rd4 35. b5 Rxe4 36. Rf7 Bg7 37. Rb7 Bf8 38. Rxb6 f3 39. h4 Bc5 40. Rb8+
Kg7 41. Rb7+ Kh8 42. b6 Rb4 43. Bd5 Rb1+ 44. Kh2 Rxb6 45. Rxb6 Bxb6 46. Kg1 Kg7
47. Bxf3 h5 48. Kf1 Kh6 49. Be4 Kg7 50. Ke2 Kh6 51. f3 Ba5 52. Kf2 Bb6+ 53. Kg2
Bd8 54. Bc6 Bb6 55. Kf1 Ba5 56. Ke2 Bb4 57. g4 Ba5 58. g5+ Kg7 59. Be8 Bb4 60.
Kd3 Be1 61. Ke4 Bc3 62. Kd5 Kh7 63. Ke6 Kg7 64. Bc6 Be1 65. Kxe5 Bxh4 66. f4
Be1 67. f5 gxf5 68. Kxf5 h4 69. Kg4 Kg6 70. Be4+ Kg7 71. Bf5 Kf7 72. Kh5 Kg7
73. Bh3 Kh7 74. Bg4 Kg7 75. Bf5 Kf7 76. Kh6 Bd2 77. a5 Ke7 78. a6 Be3 79. Kh7
1-0

[Event "Biel Master Open 2015"]
[Site "Biel SUI"]
[Date "2015.07.24"]
[Round "5"]
[White "Donchenko, Alexander"]
[Black "Moiseenko, Alexander"]
[Result "1/2-1/2"]
[WhiteElo "2567"]
[BlackElo "2710"]
[PlyCount "43"]
[EventDate "2015.07.20"]

1. d4 Nf6 2. c4 e6 3. g3 d5 4. Nf3 dxc4 5. Bg2 Bd7 6. Ne5 Bc6 7. Nxc6 Nxc6 8.
Qa4 Qd7 9. Qxc4 O-O-O 10. e3 Nd5 11. Nc3 h5 12. h4 f5 13. Bd2 Kb8 14. O-O-O Nb6
15. Qb5 Nb4 16. Qxd7 Rxd7 17. Bf1 Bd6 18. Kb1 Rhd8 19. Bc1 N4d5 20. Ne2 Nf6 21.
Bg2 c6 22. Rhf1 1/2-1/2

[Event "Biel Master Open 2015"]
[Site "Biel SUI"]
[Date "2015.07.25"]
[Round "6"]
[White "Wallace, John Paul"]
[Black "Moiseenko, Alexander"]
[Result "1/2-1/2"]
[WhiteElo "2385"]
[BlackElo "2710"]
[PlyCount "109"]
[EventDate "2015.07.20"]

1. d4 Nf6 2. c4 e6 3. Nf3 d5 4. Nc3 Bb4 5. e3 O-O 6. Bd3 c5 7. O-O Nc6 8. a3
Bxc3 9. bxc3 Qc7 10. cxd5 exd5 11. Nh4 Ne7 12. Ra2 Be6 13. Re2 Rac8 14. Bb2
Rfe8 15. Qe1 Qa5 16. f3 cxd4 17. exd4 Qb6 18. g4 Ng6 19. Ng2 Bd7 20. g5 Rxe2
21. Qxe2 Re8 22. Qd2 Nh5 23. Bc1 Bb5 24. f4 f5 25. Qd1 Bxd3 26. Qxd3 Ne7 27.
Qe2 g6 28. a4 Ng7 29. Ba3 Nc6 30. Qa2 Qa5 31. Bc5 Qd8 32. c4 Ne7 33. Ne3 Kh8
34. cxd5 Nc8 35. Qa3 b6 36. d6 Re4 37. Nd5 bxc5 38. dxc5 Rd4 39. Nc7 Nxd6 40.
cxd6 Rxd6 41. Qc3 Rd3 42. Qe5 Rd7 43. Rc1 Rd1+ 44. Rxd1 Qxd1+ 45. Kf2 Qxa4 46.
Nd5 Qe8 47. Qc3 Qd8 48. Nf6 a5 49. h4 Qb8 50. Kg2 a4 51. h5 gxh5 52. Nxh5 Qb7+
53. Kh2 Qf7 54. Nxg7 Qxg7 55. Qc8+ 1/2-1/2

[Event "Biel Master Open 2015"]
[Site "Biel SUI"]
[Date "2015.07.27"]
[Round "7"]
[White "Moiseenko, Alexander"]
[Black "Fier, Alexandr"]
[Result "1/2-1/2"]
[WhiteElo "2710"]
[BlackElo "2628"]
[PlyCount "99"]
[EventDate "2015.07.20"]

1. d4 Nf6 2. c4 g6 3. Nc3 Bg7 4. e4 O-O 5. Bd3 Nc6 6. Nge2 e5 7. d5 Nd4 8. Nxd4
exd4 9. Ne2 Re8 10. f3 c5 11. O-O d6 12. Bg5 Qc7 13. Qd2 Nd7 14. f4 b5 15. b3
bxc4 16. bxc4 Nf6 17. Bxf6 Bxf6 18. Ng3 Rb8 19. Rae1 Bg7 20. Kh1 Rb6 21. h3 Ra6
22. Qf2 Ra3 23. Qe2 Qd8 24. Rf3 Qh4 25. Kg1 h5 26. e5 Bg4 27. e6 f5 28. Ref1
Bxf3 29. Rxf3 Bh6 30. Qb2 Rc3 31. Ne2 Bg7 32. Kh2 Qe1 33. Qb7 Kh7 34. Nxc3 dxc3
35. Qd7 Rb8 36. e7 h4 37. Bc2 Kh6 38. Rd3 Qf2 39. Qxd6 Re8 40. Rf3 Qxc2 41. Qd7
Qe2 42. Qxe8 c2 43. Qf7 Qxf3 44. gxf3 c1=Q 45. Qxg6+ Kxg6 46. e8=Q+ Kh7 47.
Qh5+ Kg8 48. Qe8+ Kh7 49. Qh5+ Kg8 50. Qe8+ 1/2-1/2

[Event "Biel Master Open 2015"]
[Site "Biel SUI"]
[Date "2015.07.28"]
[Round "8"]
[White "Moiseenko, Alexander"]
[Black "Bok, Benjamin"]
[Result "1/2-1/2"]
[WhiteElo "2710"]
[BlackElo "2562"]
[PlyCount "108"]
[EventDate "2015.07.20"]

1. d4 Nf6 2. c4 g6 3. Nc3 d5 4. cxd5 Nxd5 5. e4 Nxc3 6. bxc3 Bg7 7. Qa4+ Qd7 8.
Bb5 c6 9. Be2 O-O 10. Qa3 b6 11. Nf3 c5 12. O-O cxd4 13. cxd4 Bb7 14. Qe3 Nc6
15. Bb2 Rfd8 16. Rfd1 Na5 17. Rab1 e6 18. h4 f5 19. exf5 exf5 20. h5 Qd5 21.
hxg6 hxg6 22. Qg5 Rd6 23. Ne5 Re8 24. Bf1 Qe6 25. Ba3 Qf6 26. Qg3 f4 27. Qg4
Bc8 28. Qe2 Rdd8 29. Rbc1 Bb7 30. Rc7 f3 31. gxf3 Qg5+ 32. Bg2 Bxe5 33. dxe5
Qxe5 34. Rxd8 Qxe2 35. Re7 Qxe7 36. Bxe7 Rxd8 37. Bxd8 Bd5 38. Bc7 Bxa2 39. f4
Be6 40. Bb8 a6 41. Bc7 Nc4 42. Bb7 a5 43. Ba6 a4 44. Bxc4 Bxc4 45. Bxb6 Kf7 46.
f3 Ke6 47. Kf2 Kd5 48. Ke3 a3 49. Bd4 Ba6 50. Bg7 Kc4 51. Kd2 Kb3 52. Kc1 a2
53. Bf6 Bb7 54. Bg7 Bxf3 1/2-1/2

[Event "China - Russia Chess Challenge 2015"]
[Site "Heixiazi CHN"]
[Date "2015.08.01"]
[Round "4"]
[White "Yu, Yangyi"]
[Black "Karjakin, Sergey"]
[Result "1/2-1/2"]
[WhiteElo "2736"]
[BlackElo "2753"]
[PlyCount "91"]
[EventDate "2015.07.29"]
[WhiteTeam "China"]
[BlackTeam "Russia"]

1. e4 e5 2. Nf3 Nc6 3. Bb5 Nf6 4. d3 Bc5 5. Bxc6 dxc6 6. Nbd2 O-O 7. Nc4 Nd7 8.
O-O Re8 9. a4 f6 10. Be3 Bf8 11. Kh1 Nc5 12. Ng1 b5 13. axb5 cxb5 14. Na5 Be6
15. Ne2 Bf7 16. f4 exf4 17. Nxf4 Qd7 18. Qf3 Ne6 19. Qg4 Nc5 20. Qg3 a6 21. Qf2
Qd6 22. Ne2 Nd7 23. Nd4 c5 24. Nf5 Qe6 25. Qg3 Bg6 26. Nh4 Bf7 27. Nf5 Bg6 28.
Nh4 Ne5 29. Bf4 Rac8 30. b3 Qd7 31. h3 Re6 32. Qf2 Bd6 33. Bh2 Bc7 34. Ra2 Bb6
35. Qe1 Rce8 36. Qb1 Qd4 37. Nf5 Qd8 38. Qa1 Qd7 39. Qc3 Bxf5 40. Rxf5 h6 41.
Bg1 Rc8 42. Rf1 Kh7 43. Raa1 Kh8 44. Ra2 Kh7 45. Raa1 Kh8 46. Ra2 1/2-1/2

[Event "Politiken Cup 2015"]
[Site "Helsingor DEN"]
[Date "2015.08.01"]
[Round "9"]
[White "Naroditsky, Daniel"]
[Black "Fressinet, Laurent"]
[Result "1/2-1/2"]
[WhiteElo "2622"]
[BlackElo "2707"]
[PlyCount "36"]
[EventDate "2015.07.25"]

1. e4 e5 2. Nf3 Nc6 3. Bb5 Nf6 4. d3 Bc5 5. c3 O-O 6. O-O Re8 7. Re1 a6 8. Ba4
d5 9. exd5 Qxd5 10. b4 Bf8 11. Bb3 Qd6 12. Ng5 Nd8 13. Na3 b5 14. Ne4 Nxe4 15.
dxe4 Qxd1 16. Rxd1 Be6 17. Be3 Nb7 18. f3 Rad8 1/2-1/2

[Event "Politiken Cup 2015"]
[Site "Helsingor DEN"]
[Date "2015.08.02"]
[Round "10"]
[White "Glud, Jakob Vang"]
[Black "Fressinet, Laurent"]
[Result "0-1"]
[WhiteElo "2531"]
[BlackElo "2707"]
[PlyCount "108"]
[EventDate "2015.07.25"]

1. c4 e5 2. g3 Nf6 3. Bg2 d5 4. cxd5 Nxd5 5. Nc3 Nb6 6. Nf3 Nc6 7. O-O Be7 8.
a3 O-O 9. b4 Be6 10. Rb1 f6 11. d3 a5 12. b5 Nd4 13. Nd2 Qc8 14. e3 Nf5 15. Qe2
Nd6 16. Bb2 a4 17. f4 Ra5 18. fxe5 fxe5 19. d4 Rxf1+ 20. Rxf1 Qe8 21. dxe5 Ndc4
22. Nxc4 Bxc4 23. Qf3 Bxf1 24. Bxf1 c6 25. Bd3 Ra8 26. Qe4 Qg6 27. Qd4 c5 28.
Nd5 Bd8 29. Bxg6 cxd4 30. Be4 Ra5 31. Bxd4 Rxb5 32. Nxb6 Bxb6 33. Bd3 Rb3 34.
Bc4+ Kf8 35. Bxb3 axb3 36. Bb2 Bxe3+ 37. Kg2 Ke7 38. Kf3 Bg1 39. h3 Ke6 40. Ke4
h5 41. a4 Bh2 42. g4 h4 43. Bc3 Bg3 44. Bb2 g6 45. Bc3 Be1 46. Bd4 Bb4 47. Bb2
Bd2 48. Kd3 Bf4 49. Ke4 g5 50. Bd4 Bc1 51. Kd3 Kd5 52. Bc3 Bf4 53. e6 Kxe6 54.
Kc4 Be5 0-1

[Event "Turkish Super League 2015"]
[Site "Kocaeli TUR"]
[Date "2015.08.04"]
[Round "1"]
[White "Mamedov, Nidjat"]
[Black "Moiseenko, Alexander"]
[Result "1/2-1/2"]
[WhiteElo "2597"]
[BlackElo "2710"]
[PlyCount "62"]
[EventDate "2015.08.04"]
[WhiteTeam "Calli Sports Club"]
[BlackTeam "Kayseri Seker Sports Club"]

1. e4 c5 2. Nf3 Nc6 3. d4 cxd4 4. Nxd4 Nf6 5. Nc3 e5 6. Ndb5 d6 7. Bg5 a6 8.
Na3 b5 9. Nd5 Be7 10. Bxf6 Bxf6 11. c3 O-O 12. Nc2 Bb7 13. Be2 Nb8 14. Bg4 Nd7
15. Bxd7 Qxd7 16. Nxf6+ gxf6 17. Qf3 Qc6 18. O-O-O Qxe4 19. Qxf6 Rad8 20. Rhe1
Qg6 21. Qh4 f6 22. f4 Be4 23. Rd2 d5 24. Nb4 Kh8 25. Nxa6 Rc8 26. fxe5 fxe5 27.
Nb4 Qe6 28. Qh3 Bf5 29. Qe3 Be4 30. Qh3 Bf5 31. Qe3 Be4 1/2-1/2

[Event "Turkish Super League 2015"]
[Site "Kocaeli TUR"]
[Date "2015.08.04"]
[Round "1"]
[White "Harikrishna, Pentala"]
[Black "Ahmetoglu, Ziya"]
[Result "1-0"]
[WhiteElo "2740"]
[BlackElo "1943"]
[PlyCount "43"]
[EventDate "2015.08.04"]
[WhiteTeam "Istanbul Technical University Sports Club"]
[BlackTeam "Ankara Demirspor Kulubu"]

1. d4 Nf6 2. c4 e5 3. dxe5 Ne4 4. Nf3 Nc6 5. a3 d6 6. Qc2 Nc5 7. b4 Ne6 8. exd6
Bxd6 9. Bb2 O-O 10. e3 a5 11. c5 Be7 12. b5 Nb8 13. Nc3 Nxc5 14. Rd1 Bd6 15. h4
Qf6 16. Na4 Qg6 17. Qxg6 hxg6 18. Nxc5 Bxc5 19. h5 Be6 20. hxg6 f6 21. Rh5 Bd6
22. Nd4 1-0

[Event "Turkish Super League 2015"]
[Site "Kocaeli TUR"]
[Date "2015.08.04"]
[Round "1"]
[White "Berkes, Ferenc"]
[Black "So, Wesley"]
[Result "1/2-1/2"]
[WhiteElo "2659"]
[BlackElo "2779"]
[PlyCount "77"]
[EventDate "2015.08.04"]
[WhiteTeam "T.S Alyans Satranc Sports Club"]
[BlackTeam "Deniz Su Aquamatch Satranc Genclik Ve Sports "]

1. d4 Nf6 2. c4 e6 3. Nf3 d5 4. Nc3 c6 5. Bg5 h6 6. Bxf6 Qxf6 7. e3 g6 8. Bd3
Bg7 9. O-O O-O 10. cxd5 exd5 11. b4 Be6 12. Na4 Qe7 13. Rb1 b6 14. Qc2 Rc8 15.
Rfc1 Nd7 16. h3 h5 17. Rb3 g5 18. Nd2 Bf8 19. Bf5 Qf6 20. Bxe6 fxe6 21. Nf1 b5
22. Nc5 Bxc5 23. bxc5 Rf8 24. e4 dxe4 25. Ng3 Qg6 26. Qxe4 Qxe4 27. Nxe4 g4 28.
hxg4 hxg4 29. Rg3 Rf4 30. f3 Raf8 31. Ng5 R8f6 32. Re1 Rxd4 33. Nxe6 Rc4 34. f4
Kf7 35. Nd8+ Kf8 36. Ne6+ Kf7 37. Nd8+ Kf8 38. Ne6+ Kf7 39. Nd8+ 1/2-1/2

[Event "Biel Master Open 2015"]
[Site "Biel SUI"]
[Date "2015.07.29"]
[Round "9"]
[White "Raetsky, Alexander"]
[Black "Moiseenko, Alexander"]
[Result "0-1"]
[WhiteElo "2405"]
[BlackElo "2710"]
[PlyCount "94"]
[EventDate "2015.07.20"]

1. e4 c5 2. Nf3 Nc6 3. c3 d5 4. exd5 Qxd5 5. d4 Nf6 6. Be3 Bf5 7. Na3 e6 8. Bc4
Qe4 9. O-O cxd4 10. Ng5 Qh4 11. g3 Qh5 12. Qxh5 Nxh5 13. cxd4 Bxa3 14. bxa3 Nf6
15. Nf3 O-O 16. Ne5 Ne7 17. f3 Nfd5 18. Kf2 f6 19. Nd3 Rfc8 20. Nb2 b5 21. Bb3
Bc2 22. Rfc1 Bxb3 23. axb3 Nf5 24. Nd1 a6 25. b4 Kf7 26. Rc5 Ke7 27. g4 Ndxe3
28. Nxe3 Nxd4 29. Rac1 Rxc5 30. Rxc5 Kd6 31. Nc2 Nc6 32. h4 Ne7 33. Nd4 Rc8 34.
Nb3 e5 35. h5 Rc6 36. Ke3 g6 37. hxg6 hxg6 38. Ke4 f5+ 39. gxf5 gxf5+ 40. Kd3
Nd5 41. Rxc6+ Kxc6 42. Na5+ Kc7 43. Nb3 Nf4+ 44. Kd2 Ne6 45. Kd3 Kd6 46. Nd2
Kd5 47. Nf1 Nd4 0-1

[Event "Biel Master Open 2015"]
[Site "Biel SUI"]
[Date "2015.07.30"]
[Round "10"]
[White "Erdos, Viktor"]
[Black "Moiseenko, Alexander"]
[Result "1/2-1/2"]
[WhiteElo "2610"]
[BlackElo "2710"]
[PlyCount "87"]
[EventDate "2015.07.20"]

1. d4 Nf6 2. c4 e6 3. g3 c5 4. d5 exd5 5. cxd5 g6 6. Nc3 Bg7 7. Bg2 O-O 8. Nf3
d6 9. O-O Re8 10. Bf4 Bf5 11. Nd2 Nh5 12. Be3 Nd7 13. a4 Rxe3 14. fxe3 Qg5 15.
Rf4 Qe7 16. Rxf5 gxf5 17. Nf1 Ne5 18. Bf3 Nf6 19. Qc2 Qd7 20. a5 Re8 21. Qa4 a6
22. Qxd7 Nfxd7 23. Ra4 Rb8 24. Nd2 b5 25. axb6 Nxb6 26. Rxa6 Nbc4 27. Nxc4 Nxc4
28. Nd1 Bxb2 29. Nxb2 Rxb2 30. Kf2 Kg7 31. e4 fxe4 32. Bxe4 Rb6 33. Rxb6 Nxb6
34. Kf3 h6 35. g4 Nc4 36. Kf4 Ne5 37. h4 Ng6+ 38. Bxg6 Kxg6 39. e4 f6 40. h5+
Kf7 41. Ke3 Ke7 42. Kd3 Kd7 43. Kc4 Ke7 44. Kb5 1/2-1/2

[Event "Biel Master Open 2015"]
[Site "Biel SUI"]
[Date "2015.07.31"]
[Round "11"]
[White "Moiseenko, Alexander"]
[Black "Svane, Rasmus"]
[Result "1/2-1/2"]
[WhiteElo "2710"]
[BlackElo "2531"]
[PlyCount "134"]
[EventDate "2015.07.20"]

1. d4 d5 2. c4 c6 3. Nf3 Nf6 4. Nc3 dxc4 5. a4 Bf5 6. Nh4 e6 7. Nxf5 exf5 8. e3
Bb4 9. Bxc4 O-O 10. Qc2 g6 11. O-O Nbd7 12. f3 Rc8 13. Ba2 c5 14. Kh1 Re8 15.
Qb3 Qe7 16. dxc5 Bxc3 17. Qxc3 Nxc5 18. Bc4 Ncd7 19. b3 Qe5 20. Qxe5 Nxe5 21.
Bb5 Re6 22. Rd1 Rc3 23. Rb1 a6 24. Bf1 h5 25. h3 g5 26. f4 gxf4 27. exf4 Ned7
28. Bc4 Rc6 29. Bb2 Rg3 30. Rd2 Nb6 31. Rd8+ Kg7 32. Bd3 Kg6 33. Re1 Nbd5 34.
Bc4 Nb6 35. Bd3 Nbd5 36. Bc4 Nb6 37. Bxf6 Kxf6 38. Bd3 Re6 39. Rd1 a5 40. Kh2
h4 41. Rd4 Rge3 42. Kg1 Rc6 43. Kf2 Ree6 44. Bb5 Rc3 45. R4d3 Rc2+ 46. R1d2 Rc1
47. Rd8 Rb1 48. R2d3 Rb2+ 49. Kf3 Ree2 50. g4 hxg3 51. Kxg3 Kg7 52. Kh4 Kf6 53.
Rb8 Re7 54. Rd6+ Re6 55. Rdd8 Re7 56. Rd6+ Re6 57. Rd3 Re7 58. Kg3 Rb1 59. h4
Rg1+ 60. Kf3 Rf1+ 61. Kg3 Rg1+ 62. Kh2 Rg4 63. Rh8 Re2+ 64. Kh3 Re1 65. Kh2
Re2+ 66. Kh3 Re1 67. Kh2 Re2+ 1/2-1/2

[Event "British Championship 2015"]
[Site "Coventry ENG"]
[Date "2015.08.04"]
[Round "8"]
[White "Hawkins, Jonathan"]
[Black "Howell, David W L"]
[Result "1/2-1/2"]
[WhiteElo "2554"]
[BlackElo "2698"]
[PlyCount "30"]
[EventDate "2015.07.27"]

1. d4 Nf6 2. c4 e6 3. Nc3 Bb4 4. Qc2 d5 5. cxd5 Qxd5 6. e3 c5 7. Bd2 Bxc3 8.
Bxc3 cxd4 9. Bxd4 Nc6 10. Bxf6 gxf6 11. Ne2 Bd7 12. a3 Qe5 13. Nc3 Nd4 14. Qd3
Nf5 15. e4 Ne7 1/2-1/2

[Event "Russian Superfinal 2015"]
[Site "Chita RUS"]
[Date "2015.08.09"]
[Round "1"]
[White "Khairullin, I."]
[Black "Dubov, Daniil"]
[Result "1/2-1/2"]
[WhiteElo "2662"]
[BlackElo "2654"]
[PlyCount "119"]
[EventDate "2015.08.09"]

1. d4 Nf6 2. c4 c5 3. d5 b5 4. cxb5 a6 5. bxa6 g6 6. Nc3 Bxa6 7. e4 Bxf1 8.
Kxf1 d6 9. Nf3 Bg7 10. g3 O-O 11. Kg2 Nbd7 12. a4 Ra6 13. Qc2 Qa8 14. Re1 Ng4
15. Nb5 Rc8 16. Bg5 Kf8 17. Bd2 c4 18. Bc3 Bxc3 19. Qxc3 Ngf6 20. Nbd4 Rc5 21.
Nc6 Rxa4 22. Rxa4 Qxa4 23. Nfd4 Qa8 24. Qd2 Qe8 25. Qb4 Qa8 26. Re3 c3 27. Rxc3
Rxc3 28. Qxc3 Nc5 29. f3 Qa2 30. Qc2 Qa1 31. b4 Na4 32. Qd2 Ke8 33. Nb5 Nb6 34.
Qd4 Qxd4 35. Nbxd4 Kd7 36. Kf2 e6 37. dxe6+ fxe6 38. Na5 e5 39. Ndb3 g5 40. Ke3
h5 41. Nd2 d5 42. b5 Ke6 43. exd5+ Nbxd5+ 44. Kf2 g4 45. Nac4 gxf3 46. Kxf3 Nd7
47. Ne4 Ne7 48. Nc3 Nf5 49. g4 Nd4+ 50. Kg3 hxg4 51. Kxg4 Nf6+ 52. Kg3 Nf5+ 53.
Kg2 e4 54. b6 Kd7 55. Na5 Kc8 56. Nb5 Nd7 57. Na7+ Kb8 58. N7c6+ Kc8 59. Na7+
Kb8 60. N7c6+ 1/2-1/2

[Event "Russian Superfinal 2015"]
[Site "Chita RUS"]
[Date "2015.08.09"]
[Round "1"]
[White "Artemiev, V."]
[Black "Vitiugov, N."]
[Result "1/2-1/2"]
[WhiteElo "2671"]
[BlackElo "2719"]
[PlyCount "51"]
[EventDate "2015.08.09"]

1. d4 Nf6 2. c4 e6 3. Nf3 d5 4. g3 Bb4+ 5. Nbd2 dxc4 6. Bg2 b5 7. O-O O-O 8. a4
c3 9. Nb3 cxb2 10. Bxb2 bxa4 11. Ne5 Nd5 12. Rxa4 a5 13. Qa1 Ba6 14. Rc1 c6 15.
Ba3 Bxa3 16. Rxa3 Bxe2 17. Rxa5 Rxa5 18. Nxa5 Bb5 19. Naxc6 Nxc6 20. Nxc6 Bxc6
21. Rxc6 Qd7 22. Ra6 Nf6 23. Ra7 Qd6 24. Ra6 Qd7 25. Ra7 Qd6 26. Ra6 1/2-1/2

[Event "Russian Superfinal 2015"]
[Site "Chita RUS"]
[Date "2015.08.09"]
[Round "1"]
[White "Tomashevsky, E."]
[Black "Jakovenko, D."]
[Result "1/2-1/2"]
[WhiteElo "2747"]
[BlackElo "2759"]
[PlyCount "82"]
[EventDate "2015.08.09"]

1. d4 Nf6 2. c4 e6 3. g3 d5 4. Bg2 Be7 5. Nf3 O-O 6. O-O dxc4 7. Ne5 Nc6 8.
Bxc6 bxc6 9. Nxc6 Qe8 10. Nxe7+ Qxe7 11. Qc2 c5 12. Qxc4 cxd4 13. Qxd4 e5 14.
Qh4 Rb8 15. b3 Qe6 16. Qc4 Qd7 17. Na3 Bb7 18. f3 Rfc8 19. Qd3 Qe6 20. Nc4 Ba6
21. Be3 e4 22. Qd2 Rd8 23. Qc1 Rd7 24. Bf2 Re8 25. Qc2 Qc6 26. Be1 exf3 27.
exf3 Rde7 28. Qd3 Re2 29. Qd6 Qb7 30. Qd4 Bxc4 31. bxc4 Nd7 32. Rd1 Ne5 33. Qd5
Qa6 34. Rd2 Re3 35. Rc2 Qa4 36. Rc3 Nxf3+ 37. Rxf3 Rxe1+ 38. Kg2 R1e2+ 39. Kh3
R2e6 40. Rf2 Qc6 41. Qxc6 Rxc6 1/2-1/2